000 00676nam a2200289Ia 4500
005 20260324115234.0
008 008 260324s9999 xx 000 0 eng d
020 _a9780429027468
037 _aEBOOK
040 _aCRL
040 _beng
040 _cCRL
041 _2eng
041 _aeng
084 _qCRL
100 _aCatherine Mulligan
_91153901
245 0 _aSustainable Engineering
245 0 _bPrinciples and Implementation
260 _bTaylor and Francis
260 _c2019
365 _a
365 _b320
856 _uhttp://www.taylorfrancis.com/books/9780429027468
942 _cEBOOK
999 _c1744630
_d1744630